00339nam a2200133Ia 4500008004100000100003400041245002700075250001200102260005000114300000800164650001100172942000700183999001500190190216s9999||||xx |||||||||||||| ||und|| aEdmund W Sinnott And Dunn. Lc 0aPrinciples Of Genetics a1st Ed. bTata Mcgraw Hill Publishing Company Ltdc1976 a459 aBotany cBK c1342d1342